LEADER 01648nam0 22003853i 450 001 TO01174947 005 20251003044410.0 010 $a8845311511 100 $a20130827d2003 ||||0itac50 ba 101 | $aita 102 $ait 181 1$6z01$ai $bxxxe 182 1$6z01$an 200 1 $aˆLe ‰nuove frontiere del marketing digitale$fAndreina Mandelli, Tiziano Vescovi 210 $aMilano$cETAS$d2003 215 $aX, 309 p.$cill.$d24 cm. 225 | $aMarketing e vendite 410 0$1001UBO2799450$12001 $aMarketing e vendite 606 $aMarketing$2FIR$3CFIC067236$9E 676 $a004.67$9$v21 676 $a658.8$9GESTIONE DELLA DISTRIBUZIONE (MARKETING)$v12 676 $a658.8$9Gestione della diatribuzione (marketing)$v20 676 $a658.8002854678$9GESTIONE DELLA DISTRIBUZIONE (MARKETING). Internet$v23 696 $aMercatistica 699 $aMarketing$yMercatistica 700 1$aMandelli$b, Andreina$3LO1V078571$4070$0115556 701 1$aVescovi$b, Tiziano$3CFIV115679$4070$0118001 801 3$aIT$bIT-000000$c20130827 850 $aIT-BN0095 901 $bNAP 01$cPOZZO LIB.$nVi sono collocati fondi di economia, periodici di ingegneria e scienze, periodici di economia e statistica e altri fondi comprendenti documenti di economia pervenuti in dono. 912 $aTO01174947 950 0$aBiblioteca Centralizzata di Ateneo$c1 v.$d 01POZZO LIB.ECON MON 22$e 0101 0000025075E VMA 1 v. (Precedente collocazione: sez. DASES B 621)$fB $h20081017$i20081017 977 $a 01 996 $aNuove frontiere del marketing digitale$968357 997 $aUNISANNIO